Champions League Winners in Order - Click Quiz - Statistics

General Stats
  • This quiz has been taken 60 times
  • The average score is 29 of 69
Answer Stats
Hint Answer % Correct
4. 1958–59 Real Madrid
85%
1. 1955–56 Real Madrid
83%
2. 1956–57 Real Madrid
83%
3. 1957–58 Real Madrid
83%
5. 1959–60 Real Madrid
83%
63 .2017–18 Real Madrid
72%
62. 2016–17 Real Madrid
70%
67. 2021–22 Real Madrid
67%
61. 2015–16 Real Madrid
65%
59. 2013–14 Real Madrid
63%
69. 2023–24 Real Madrid
63%
65. 2019–20 Bayern Munich
57%
56. 2010–11 Barcelona
54%
60. 2014–15 Barcelona
54%
58. 2012–13 Bayern Munich
54%
57. 2011–12 Chelsea
54%
64 2018–19 Liverpool
54%
51. 2005–06 Barcelona
52%
54. 2008–09 Barcelona
52%
52. 2006–07 AC Milan
50%
55. 2009–10 Inter Milan
50%
68. 2022–23 Manchester City
50%
6. 1960–61 Benfica
48%
50. 2004–05 Liverpool
46%
53. 2007–08 Manchester United
43%
45. 1999–2000 Real Madrid
43%
46. 2000–01 Bayern Munich
41%
66. 2020–21 Chelsea
41%
44. 1998–99 Manchester United
41%
47. 2001–02 Real Madrid
41%
48. 2002–03 AC Milan
39%
16. 1970–71 Ajax
39%
17. 1971–72 Ajax
39%
18. 1972–73 Ajax
39%
7. 1961–62 Benfica
39%
25. 1979–80 Nottingham Forest
39%
19. 1973–74 Bayern Munich
37%
21. 1975–76 Bayern Munich
37%
42. 1996–97 Borussia Dortmund
37%
10. 1964–65 Inter Milan
37%
38. 1992–93 Marseille
37%
49. 2003–04 Porto
37%
11. 1965–66 Real Madrid
37%
43. 1997–98 Real Madrid
37%
20. 1974–75 Bayern Munich
35%
13. 1967–68 Manchester United
35%
24. 1978–79 Nottingham Forest
35%
35. 1989–90 AC Milan
33%
28. 1982–83 Hamburger SV
30%
30. 1984–85 Juventus
30%
41. 1995–96 Juventus
30%
40. 1994–95 Ajax
28%
27. 1981–82 Aston Villa
28%
12. 1966–67 Celtic
28%
22. 1976–77 Liverpool
28%
36. 1990–91 Red Star Belgrade
28%
8. 1962–63 AC Milan
26%
34. 1988–89 AC Milan
26%
39. 1993–94 AC Milan
26%
15. 1969–70 Feyenoord
26%
9. 1963–64 Inter Milan
26%
26. 1980–81 Liverpool
26%
29. 1983–84 Liverpool
26%
23. 1977–78 Liverpool
24%
31. 1985–86 Steaua București
24%
37. 1991–92 Barcelona
22%
33. 1987–88 PSV Eindhoven
22%
14. 1968–69 AC Milan
15%
32. 1986–87 FC Porto
2%
No matching quizzes found
Score Distribution
Percent of People with Each Score
Percentile by Number Answered
Your Score History
You have not taken this quiz